| 000 | 01239cam a2200277 i 4500 | ||
|---|---|---|---|
| 003 | SA-RiAUC | ||
| 005 | 20250709060908.0 | ||
| 008 | 250708s1996 mr g 00110 ara d | ||
| 040 |
_aSA-JeALM _bara _cSA-RiAUC _erda |
||
| 082 | 0 | 4 | _a240 |
| 090 |
_a240 _bا س م |
||
| 100 | 1 |
_aالإسماعيلي، محمد أمين _eمؤلف. |
|
| 245 | 1 | 2 |
_aالتوحيد في مدارج السالكين / _cمحمد أمين السماعيلي. |
| 264 | 1 |
_aالرباط : _bجامعة محمد الخامس، كلية الآداب والعلوم الإنسانية، _c1996 |
|
| 300 |
_a105 صفحة ؛ _c24 سم |
||
| 336 |
_aنص _btxt _2rdacontent _3كتاب |
||
| 337 |
_aبدون وسيط _bn _2rdamedia |
||
| 338 |
_aمجلد _bnc _2rdacarrier |
||
| 500 | _aإهداء من المؤلف محمد أمين السماعيلي. | ||
| 650 | 7 |
_aعلم الكلام _2aucsh |
|
| 650 | 7 |
_aالإيمان (إسلام) _2aucsh |
|
| 700 | 1 | 2 |
_aابن قيم الجوزية، محمد بن أبي بكر بن أيوب، _d691-751 هجري. _tمدارج السالكين بين منازل إياك نعبد وإياك نستعين |
| 740 | 0 | 2 | _aمدارج السالكين. |
| 942 |
_2ddc _cBOOK _n0 |
||
| 949 |
_aSA-JeALM _d250708 _umohamedma123 _n1 |
||
| 999 |
_c9625 _d9625 |
||